zpět

Detail výsledku týmu

Be Friendly, Praha

Datum a čas kvízu

29 Celkem bodů Celkový počet nahraných bodů na tomto kvízu bez doplňovacích otázek.
3. Pořadí na kvízu Konečné umístění týmu na tomto kvízu.

Zaznamenané odpovědi

# Otázka Odpověď Body Výsledky
1. Jak se jmenuje bývalý ministr... 1
2. Donald Trump si na závěr svého... 1
3. Ústřední komise pro audiovizuá... 0
4. Kvůli podezření z neoprávněnéh... 1
5. V pátek začal nový ročník 1. č... 1
6. Pro pražské soutěžící bude tot... 1
7. Ve které stanici se kříží link... 1
8. Jak se za socialismu jmenovala... 0
9. V čem drží prvenství stanice N... 1
10. Celkem kolikrát projíždí trasa... 1